[Event "British Rapidplay Championship 2023"]
[Site "Mercure Bradford, Bankfield Hotel"]
[Date "2023.04.16"]
[Round "9.20"]
[White "Nicholson, Jim WR"]
[Black "Patrick, Chaski"]
[Result "1/2-1/2"]
[TimeControl "15 minutes plus 10 seconds per move"]
[WhiteElo "1958"]
[BlackElo "2032"]

1. d4 {[%clk 00:15:17]} {[%emt 00:00:03]} Nf6 {[%clk 00:14:48]} {[%emt
00:00:33]} 2. Nf3 {[%clk 00:15:24]} {[%emt 00:00:03]} g6 {[%clk 00:14:50]}
{[%emt 00:00:08]} 3. Bg5 {[%clk 00:15:32]} {[%emt 00:00:02]} Bg7 {[%clk
00:14:57]} {[%emt 00:00:03]} 4. Nbd2 {[%clk 00:15:40]} {[%emt 00:00:02]} c5
{[%clk 00:14:32]} {[%emt 00:00:35]} 5. e3 {[%clk 00:15:40]} {[%emt 00:00:09]}
d5 {[%clk 00:14:28]} {[%emt 00:00:15]} 6. c3 {[%clk 00:15:35]} {[%emt
00:00:15]} Nbd7 {[%clk 00:14:24]} {[%emt 00:00:14]} 7. Bd3 {[%clk 00:15:28]}
{[%emt 00:00:16]} Qb6 {[%clk 00:12:48]} {[%emt 00:01:48]} 8. Rb1 {[%clk
00:15:24]} {[%emt 00:00:13]} O-O {[%clk 00:12:30]} {[%emt 00:00:28]} 9. O-O
{[%clk 00:15:30]} {[%emt 00:00:04]} Re8 {[%clk 00:12:37]} {[%emt 00:00:03]} 10.
b4 {[%clk 00:13:44]} {[%emt 00:01:55]} c4 {[%clk 00:12:09]} {[%emt 00:00:39]}
11. Bc2 {[%clk 00:13:50]} {[%emt 00:00:04]} e5 {[%clk 00:12:11]} {[%emt
00:00:08]} 12. dxe5 {[%clk 00:13:53]} {[%emt 00:00:06]} Nxe5 {[%clk 00:12:06]}
{[%emt 00:00:15]} 13. Nxe5 {[%clk 00:13:52]} {[%emt 00:00:12]} Rxe5 {[%clk
00:12:15]} 14. Nf3 {[%clk 00:13:56]} {[%emt 00:00:05]} Re8 {[%clk 00:12:14]}
{[%emt 00:00:11]} 15. Nd4 {[%clk 00:13:20]} {[%emt 00:00:45]} Ne4 {[%clk
00:12:09]} {[%emt 00:00:16]} 16. Bxe4 {[%clk 00:13:02]} {[%emt 00:00:29]} Rxe4
{[%clk 00:11:12]} {[%emt 00:01:06]} 17. a4 {[%clk 00:12:12]} {[%emt 00:01:00]}
Bd7 {[%clk 00:10:20]} {[%emt 00:01:03]} 18. a5 {[%clk 00:12:05]} {[%emt
00:00:17]} Qd6 {[%clk 00:10:15]} {[%emt 00:00:14]} 19. Qd2 {[%clk 00:11:25]}
{[%emt 00:00:51]} Rae8 {[%clk 00:09:24]} {[%emt 00:01:02]} 20. Rbe1 {[%clk
00:10:45]} {[%emt 00:00:49]} Bxd4 {[%clk 00:08:50]} {[%emt 00:00:44]} 21. exd4
{[%clk 00:10:08]} {[%emt 00:00:46]} Bf5 {[%clk 00:08:01]} {[%emt 00:01:00]} 22.
Re3 {[%clk 00:08:54]} {[%emt 00:01:24]} f6 {[%clk 00:07:50]} {[%emt 00:00:21]}
23. Rxe4 {[%clk 00:08:17]} {[%emt 00:00:47]} Rxe4 {[%clk 00:07:15]} {[%emt
00:00:45]} 24. Be3 {[%clk 00:08:04]} {[%emt 00:00:23]} Qe7 {[%clk 00:05:11]}
{[%emt 00:02:14]} 25. Re1 {[%clk 00:07:46]} {[%emt 00:00:27]} Re6 {[%clk
00:05:19]} {[%emt 00:00:03]} 26. f3 {[%clk 00:07:29]} {[%emt 00:00:27]} Bd3
{[%clk 00:05:19]} {[%emt 00:00:10]} 27. Bf2 {[%clk 00:07:30]} {[%emt 00:00:09]}
a6 {[%clk 00:03:55]} {[%emt 00:01:34]} 28. Rxe6 {[%clk 00:07:09]} {[%emt
00:00:31]} Qxe6 {[%clk 00:04:04]} {[%emt 00:00:01]} 29. Qe3 {[%clk 00:07:16]}
{[%emt 00:00:02]} Qxe3 {[%clk 00:03:49]} {[%emt 00:00:26]} 30. Bxe3 {[%clk
00:07:25]} {[%emt 00:00:01]} Kf7 {[%clk 00:03:58]} {[%emt 00:00:01]} 31. Kf2
{[%clk 00:07:28]} {[%emt 00:00:07]} Ke6 {[%clk 00:04:07]} {[%emt 00:00:01]} 32.
Bf4 {[%clk 00:07:20]} {[%emt 00:00:17]} Kd7 {[%clk 00:04:13]} {[%emt 00:00:05]}
33. Ke3 {[%clk 00:07:22]} {[%emt 00:00:08]} Kc6 {[%clk 00:04:22]} {[%emt
00:00:01]} 34. h4 {[%clk 00:06:51]} {[%emt 00:00:41]} Kb5 {[%clk 00:04:10]}
{[%emt 00:00:21]} 35. Bh6 {[%clk 00:06:51]} {[%emt 00:00:11]} Ka4 {[%clk
00:04:11]} {[%emt 00:00:09]} 36. f4 {[%clk 00:06:33]} {[%emt 00:00:28]} Kb3
{[%clk 00:02:52]} {[%emt 00:01:30]} 37. Kd2 {[%clk 00:06:42]} {[%emt 00:00:01]}
f5 {[%clk 00:02:54]} {[%emt 00:00:07]} 38. g3 {[%clk 00:06:45]} {[%emt
00:00:07]} Be4 {[%clk 00:02:59]} {[%emt 00:00:05]} 39. Bg7 {[%clk 00:06:49]}
{[%emt 00:00:06]} 1/2-1/2

[Event "British Rapidplay Championship 2023"]
[Site "Mercure Bradford, Bankfield Hotel"]
[Date "2023.04.16"]
[Round "9.23"]
[White "Brencher, Paul"]
[Black "Winter, Kevin"]
[Result "1-0"]
[TimeControl "15 minutes plus 10 seconds per move"]
[WhiteElo "1929"]
[BlackElo "1815"]

1. d4 {[%clk 00:15:15]} {[%emt 00:00:05]} d6 {[%clk 00:15:16]} {[%emt
00:00:04]} 2. e4 {[%clk 00:15:02]} {[%emt 00:00:23]} Nf6 {[%clk 00:15:24]}
{[%emt 00:00:02]} 3. Nc3 {[%clk 00:15:09]} {[%emt 00:00:04]} Nbd7 {[%clk
00:15:32]} {[%emt 00:00:02]} 4. Nf3 {[%clk 00:15:01]} {[%emt 00:00:18]} e5
{[%clk 00:15:41]} {[%emt 00:00:02]} 5. Bc4 {[%clk 00:14:37]} {[%emt 00:00:34]}
Be7 {[%clk 00:15:49]} {[%emt 00:00:02]} 6. O-O {[%clk 00:13:58]} {[%emt
00:00:49]} c6 {[%clk 00:15:53]} {[%emt 00:00:06]} 7. a4 {[%clk 00:13:12]}
{[%emt 00:00:56]} Qc7 {[%clk 00:16:01]} {[%emt 00:00:02]} 8. h3 {[%clk
00:12:44]} {[%emt 00:00:38]} h6 {[%clk 00:15:59]} {[%emt 00:00:12]} 9. Be3
{[%clk 00:11:56]} {[%emt 00:00:58]} g5 {[%clk 00:15:32]} {[%emt 00:00:36]} 10.
dxe5 {[%clk 00:06:27]} {[%emt 00:05:39]} dxe5 {[%clk 00:14:41]} {[%emt
00:01:02]} 11. Nh2 {[%clk 00:03:17]} {[%emt 00:03:20]} Nf8 {[%clk 00:14:40]}
{[%emt 00:00:11]} 12. Be2 {[%clk 00:02:45]} {[%emt 00:00:42]} Ng6 {[%clk
00:14:06]} {[%emt 00:00:43]} 13. Ng4 {[%clk 00:02:30]} {[%emt 00:00:25]} Bxg4
{[%clk 00:13:56]} {[%emt 00:00:20]} 14. Bxg4 {[%clk 00:02:27]} {[%emt
00:00:14]} Rd8 {[%clk 00:12:13]} {[%emt 00:01:52]} 15. Qe2 {[%clk 00:02:34]}
{[%emt 00:00:03]} Nf4 {[%clk 00:10:52]} {[%emt 00:01:31]} 16. Bxf4 {[%clk
00:02:09]} {[%emt 00:00:36]} gxf4 {[%clk 00:11:00]} {[%emt 00:00:02]} 17. Rfd1
{[%clk 00:02:05]} {[%emt 00:00:14]} Rg8 {[%clk 00:09:08]} {[%emt 00:02:02]} 18.
Bf5 {[%clk 00:01:58]} {[%emt 00:00:17]} h5 {[%clk 00:07:09]} {[%emt 00:02:10]}
19. Qc4 {[%clk 00:02:05]} {[%emt 00:00:03]} f3 {[%clk 00:06:38]} {[%emt
00:00:41]} 20. g3 {[%clk 00:01:38]} {[%emt 00:00:37]} Qb6 {[%clk 00:06:04]}
{[%emt 00:00:44]} 21. Rxd8+ {[%clk 00:01:05]} {[%emt 00:00:44]} Bxd8 {[%clk
00:05:39]} {[%emt 00:00:35]} 22. b4 {[%clk 00:01:03]} {[%emt 00:00:12]} Rxg3+
{[%clk 00:05:45]} {[%emt 00:00:03]} 23. Kf1 {[%clk 00:00:38]} {[%emt 00:00:35]}
Rg2 {[%clk 00:05:33]} {[%emt 00:00:22]} 24. Nd1 {[%clk 00:00:38]} {[%emt
00:00:10]} Qd4 {[%clk 00:05:24]} {[%emt 00:00:19]} 25. Qxd4 {[%clk 00:00:40]}
{[%emt 00:00:08]} exd4 {[%clk 00:05:32]} {[%emt 00:00:03]} 26. Ra3 {[%clk
00:00:41]} {[%emt 00:00:09]} Be7 {[%clk 00:05:19]} {[%emt 00:00:22]} 27. Rxf3
{[%clk 00:00:40]} {[%emt 00:00:12]} Rg5 {[%clk 00:05:05]} {[%emt 00:00:23]} 28.
Rb3 {[%clk 00:00:44]} {[%emt 00:00:07]} h4 {[%clk 00:04:19]} {[%emt 00:00:55]}
29. Nb2 {[%clk 00:00:26]} {[%emt 00:00:28]} b6 {[%clk 00:03:29]} {[%emt
00:01:01]} 30. Nd3 {[%clk 00:00:31]} {[%emt 00:00:06]} Nd7 {[%clk 00:03:12]}
{[%emt 00:00:27]} 31. Bxd7+ {[%clk 00:00:15]} {[%emt 00:00:26]} Kxd7 {[%clk
00:03:20]} {[%emt 00:00:01]} 32. Nf4 {[%clk 00:00:15]} {[%emt 00:00:10]} Bd6
{[%clk 00:03:06]} {[%emt 00:00:25]} 33. Ng2 {[%clk 00:00:21]} {[%emt 00:00:03]}
Rh5 {[%clk 00:02:41]} {[%emt 00:00:35]} 34. Ke2 {[%clk 00:00:23]} {[%emt
00:00:09]} c5 {[%clk 00:02:50]} {[%emt 00:00:01]} 35. b5 {[%clk 00:00:13]}
{[%emt 00:00:20]} Re5 {[%clk 00:02:26]} {[%emt 00:00:34]} 36. Kd3 {[%clk
00:00:13]} {[%emt 00:00:10]} Rg5 {[%clk 00:02:24]} {[%emt 00:00:11]} 37. Nxh4
{[%clk 00:00:20]} {[%emt 00:00:04]} Rh5 {[%clk 00:02:25]} {[%emt 00:00:09]} 38.
Nf5 {[%clk 00:00:12]} {[%emt 00:00:18]} Rxh3+ {[%clk 00:02:33]} {[%emt
00:00:01]} 39. Kc4 {[%clk 00:00:19]} {[%emt 00:00:04]} Rxb3 {[%clk 00:02:03]}
{[%emt 00:00:40]} 40. Kxb3 {[%clk 00:00:22]} {[%emt 00:00:07]} Bf4 {[%clk
00:02:01]} {[%emt 00:00:12]} 41. Kc4 {[%clk 00:00:31]} {[%emt 00:00:02]} Ke6
{[%clk 00:01:49]} {[%emt 00:00:21]} 42. f3 {[%clk 00:00:40]} Be5 {[%clk
00:01:45]} {[%emt 00:00:14]} 43. a5 {[%clk 00:00:23]} {[%emt 00:00:27]} Bc7
{[%clk 00:01:38]} {[%emt 00:00:17]} 44. a6 {[%clk 00:00:32]} {[%emt 00:00:02]}
Be5 {[%clk 00:01:38]} {[%emt 00:00:09]} 45. Nh4 {[%clk 00:00:38]} {[%emt
00:00:04]} Bb8 {[%clk 00:01:11]} {[%emt 00:00:37]} 46. Nf5 {[%clk 00:00:40]}
{[%emt 00:00:07]} Be5 {[%clk 00:01:15]} {[%emt 00:00:06]} 47. Nh4 {[%clk
00:00:49]} {[%emt 00:00:02]} Bc7 {[%clk 00:01:00]} {[%emt 00:00:21]} 48. Nf5
{[%clk 00:00:59]} {[%emt 00:00:04]} Bf4 {[%clk 00:01:08]} {[%emt 00:00:02]} 49.
Nh4 {[%clk 00:01:06]} {[%emt 00:00:03]} Bc7 {[%clk 00:01:13]} {[%emt 00:00:04]}
50. Ng2 {[%clk 00:00:58]} {[%emt 00:00:18]} Bb8 {[%clk 00:00:45]} {[%emt
00:00:38]} 51. Ne1 {[%clk 00:01:03]} {[%emt 00:00:05]} f5 {[%clk 00:00:39]}
{[%emt 00:00:16]} 52. exf5+ {[%clk 00:00:51]} {[%emt 00:00:22]} Kxf5 {[%clk
00:00:48]} 53. Kd5 {[%clk 00:01:01]} Kf4 {[%clk 00:00:36]} {[%emt 00:00:22]} 54.
Kc6 {[%clk 00:01:09]} {[%emt 00:00:02]} c4 {[%clk 00:00:33]} {[%emt 00:00:13]}
55. Kb7 {[%clk 00:01:05]} {[%emt 00:00:15]} Bd6 {[%clk 00:00:15]} {[%emt
00:00:28]} 56. Kxa7 {[%clk 00:01:14]} {[%emt 00:00:01]} Ke3 {[%clk 00:00:13]}
{[%emt 00:00:12]} 57. Kxb6 {[%clk 00:01:06]} {[%emt 00:00:18]} Bb4 {[%clk
00:00:22]} {[%emt 00:00:01]} 58. a7 {[%clk 00:01:12]} {[%emt 00:00:03]} d3
{[%clk 00:00:11]} {[%emt 00:00:21]} 59. cxd3 {[%clk 00:01:15]} {[%emt
00:00:08]} c3 {[%clk 00:00:12]} {[%emt 00:00:09]} 60. Nc2+ {[%clk 00:01:18]}
{[%emt 00:00:07]} 1-0

[ePGN "0.1;DGT LiveChess/2.2.5"]

[Event "British Rapidplay Championship 2023"]
[Site "Mercure Bradford, Bankfield Hotel"]
[Date "2023.04.15"]
[Round "1.1"]
[White "Coles, Steven F"]
[Black "Stephens, Carl"]
[Result "1-0"]
[TimeControl "All moves in 15 minutes plus 10 second increment per move from move 1"]
[WhiteElo "2108"]
[BlackElo "1682"]

1. d4 {[%clk 00:15:17]} {[%emt 00:00:02]} f5 {[%clk 00:15:10]} {[%emt
00:00:11]} 2. Bg5 {[%clk 00:15:18]} {[%emt 00:00:08]} Nf6 {[%clk 00:15:04]}
{[%emt 00:00:16]} 3. Bxf6 {[%clk 00:15:17]} {[%emt 00:00:12]} exf6 {[%clk
00:15:02]} {[%emt 00:00:12]} 4. e3 {[%clk 00:15:16]} {[%emt 00:00:11]} Be7
{[%clk 00:15:01]} {[%emt 00:00:10]} 5. Bd3 {[%clk 00:14:42]} {[%emt 00:00:44]}
d6 {[%clk 00:15:09]} {[%emt 00:00:03]} 6. Qf3 {[%clk 00:14:20]} {[%emt
00:00:32]} c6 {[%clk 00:13:34]} {[%emt 00:01:44]} 7. Nd2 {[%clk 00:14:07]}
{[%emt 00:00:23]} g6 {[%clk 00:13:14]} {[%emt 00:00:31]} 8. h4 {[%clk
00:14:10]} {[%emt 00:00:06]} Be6 {[%clk 00:13:18]} {[%emt 00:00:07]} 9. h5
{[%clk 00:14:04]} {[%emt 00:00:16]} Rg8 {[%clk 00:12:47]} {[%emt 00:00:41]} 10.
Ne2 {[%clk 00:13:43]} {[%emt 00:00:30]} Qd7 {[%clk 00:11:45]} {[%emt 00:01:13]}
11. O-O-O {[%clk 00:13:08]} {[%emt 00:00:44]} g5 {[%clk 00:11:04]} {[%emt
00:00:52]} 12. Nc3 {[%clk 00:12:13]} {[%emt 00:01:05]} b5 {[%clk 00:08:37]}
{[%emt 00:02:37]} 13. d5 {[%clk 00:11:47]} {[%emt 00:00:35]} Bf7 {[%clk
00:07:23]} {[%emt 00:01:25]} 14. Bxf5 {[%clk 00:11:24]} {[%emt 00:00:32]} Qb7
{[%clk 00:06:52]} {[%emt 00:00:41]} 15. Bxh7 {[%clk 00:10:26]} {[%emt
00:01:08]} Rg7 {[%clk 00:07:02]} 16. Bg6 {[%clk 00:09:48]} {[%emt 00:00:49]}
Bxg6 {[%clk 00:06:18]} {[%emt 00:00:54]} 17. hxg6 {[%clk 00:09:50]} {[%emt
00:00:07]} c5 {[%clk 00:05:47]} {[%emt 00:00:42]} 18. Rh8+ {[%clk 00:09:12]}
{[%emt 00:00:48]} Kd7 {[%clk 00:05:56]} {[%emt 00:00:01]} 19. Rh7 {[%clk
00:08:50]} {[%emt 00:00:31]} Rg8 {[%clk 00:05:39]} {[%emt 00:00:28]} 20. Rdh1
{[%clk 00:08:18]} {[%emt 00:00:42]} Na6 {[%clk 00:05:46]} {[%emt 00:00:02]} 21.
Rxe7+ {[%clk 00:08:08]} {[%emt 00:00:20]} 1-0

[Event "British Rapidplay Championship 2023"]
[Site "Mercure Bradford, Bankfield Hotel"]
[Date "2023.04.15"]
[Round "1.2"]
[White "Kryshtafor, Maksym"]
[Black "Walton, Alan J"]
[Result "0-1"]
[TimeControl "All moves in 15 minutes plus 10 second increment per move from move 1"]
[WhiteElo "1667"]
[BlackElo "2105"]

1. e4 {[%clk 00:15:18]} {[%emt 00:00:01]} e6 {[%clk 00:15:19]} {[%emt
00:00:01]} 2. d4 {[%clk 00:15:23]} {[%emt 00:00:06]} d5 {[%clk 00:15:26]}
{[%emt 00:00:02]} 3. exd5 {[%clk 00:15:27]} {[%emt 00:00:06]} exd5 {[%clk
00:15:34]} {[%emt 00:00:02]} 4. Nf3 {[%clk 00:15:30]} {[%emt 00:00:07]} Nc6
{[%clk 00:15:41]} {[%emt 00:00:03]} 5. Bd3 {[%clk 00:15:26]} {[%emt 00:00:14]}
Bd6 {[%clk 00:15:43]} {[%emt 00:00:08]} 6. c3 {[%clk 00:15:20]} {[%emt
00:00:16]} Nge7 {[%clk 00:15:48]} {[%emt 00:00:05]} 7. O-O {[%clk 00:15:12]}
{[%emt 00:00:18]} Bg4 {[%clk 00:15:48]} {[%emt 00:00:10]} 8. Re1 {[%clk
00:14:50]} {[%emt 00:00:32]} Qd7 {[%clk 00:15:52]} {[%emt 00:00:06]} 9. Qb3
{[%clk 00:13:40]} {[%emt 00:01:20]} Bxf3 {[%clk 00:15:47]} {[%emt 00:00:15]} 10.
gxf3 {[%clk 00:13:41]} {[%emt 00:00:10]} Qh3 {[%clk 00:15:51]} {[%emt
00:00:05]} 11. f4 {[%clk 00:13:30]} {[%emt 00:00:21]} Qxd3 {[%clk 00:15:54]}
{[%emt 00:00:07]} 12. Qxb7 {[%clk 00:13:34]} {[%emt 00:00:06]} O-O {[%clk
00:15:54]} {[%emt 00:00:10]} 13. Be3 {[%clk 00:13:07]} {[%emt 00:00:37]} Rab8
{[%clk 00:15:59]} {[%emt 00:00:05]} 14. Qxb8 {[%clk 00:12:59]} {[%emt
00:00:19]} Rxb8 {[%clk 00:16:05]} {[%emt 00:00:03]} 15. Nd2 {[%clk 00:12:59]}
{[%emt 00:00:09]} Rxb2 {[%clk 00:15:46]} {[%emt 00:00:29]} 16. Nb3 {[%clk
00:12:21]} {[%emt 00:00:49]} h6 {[%clk 00:15:01]} {[%emt 00:00:56]} 17. Rad1
{[%clk 00:12:22]} {[%emt 00:00:08]} Qg6+ {[%clk 00:14:47]} {[%emt 00:00:24]} 18.
Kh1 {[%clk 00:12:23]} {[%emt 00:00:10]} Nf5 {[%clk 00:14:45]} {[%emt 00:00:11]}
19. Rg1 {[%clk 00:12:24]} {[%emt 00:00:09]} Qh5 {[%clk 00:14:52]} {[%emt
00:00:03]} 20. Rd3 {[%clk 00:12:25]} {[%emt 00:00:10]} Qf3+ {[%clk 00:14:25]}
{[%emt 00:00:36]} 21. Rg2 {[%clk 00:12:28]} {[%emt 00:00:07]} Nh4 {[%clk
00:14:29]} {[%emt 00:00:06]} 22. Kg1 {[%clk 00:12:31]} {[%emt 00:00:08]} Qxg2#
{[%clk 00:14:24]} {[%emt 00:00:03]} 0-1

[Event "British Rapidplay Championship 2023"]
[Site "Mercure Bradford, Bankfield Hotel"]
[Date "2023.04.15"]
[Round "1.3"]
[White "Edwards-Wright, Miles D"]
[Black "Chedd, Neil"]
[Result "1-0"]
[TimeControl "All moves in 15 minutes plus 10 second increment per move from move 1"]
[WhiteElo "2082"]
[BlackElo "1663"]

1. b3 {[%clk 00:15:14]} {[%emt 00:00:02]} d5 {[%clk 00:15:08]} {[%emt
00:00:16]} 2. Bb2 {[%clk 00:15:22]} {[%emt 00:00:02]} Nf6 {[%clk 00:15:12]}
{[%emt 00:00:06]} 3. d3 {[%clk 00:15:29]} {[%emt 00:00:03]} g6 {[%clk
00:13:38]} {[%emt 00:01:44]} 4. g3 {[%clk 00:15:36]} {[%emt 00:00:02]} Bg7
{[%clk 00:13:43]} {[%emt 00:00:06]} 5. Bg2 {[%clk 00:15:43]} {[%emt 00:00:02]}
O-O {[%clk 00:13:41]} {[%emt 00:00:13]} 6. Nf3 {[%clk 00:15:48]} {[%emt
00:00:05]} Bg4 {[%clk 00:13:11]} {[%emt 00:00:39]} 7. Nbd2 {[%clk 00:15:53]}
{[%emt 00:00:06]} Nbd7 {[%clk 00:13:00]} {[%emt 00:00:21]} 8. O-O {[%clk
00:15:29]} {[%emt 00:00:33]} c6 {[%clk 00:12:40]} {[%emt 00:00:30]} 9. Re1
{[%clk 00:14:49]} {[%emt 00:00:50]} Re8 {[%clk 00:12:19]} {[%emt 00:00:33]} 10.
Ne5 {[%clk 00:14:19]} {[%emt 00:00:39]} Nxe5 {[%clk 00:11:31]} {[%emt
00:00:58]} 11. Bxe5 {[%clk 00:14:26]} {[%emt 00:00:03]} Nd7 {[%clk 00:10:46]}
{[%emt 00:00:55]} 12. Bxg7 {[%clk 00:14:26]} {[%emt 00:00:09]} Kxg7 {[%clk
00:10:54]} {[%emt 00:00:02]} 13. h3 {[%clk 00:14:19]} {[%emt 00:00:18]} Be6
{[%clk 00:10:53]} {[%emt 00:00:10]} 14. e4 {[%clk 00:14:27]} {[%emt 00:00:02]}
Nb6 {[%clk 00:09:35]} {[%emt 00:01:29]} 15. a4 {[%clk 00:14:09]} {[%emt
00:00:28]} a5 {[%clk 00:09:35]} {[%emt 00:00:10]} 16. f4 {[%clk 00:13:49]}
{[%emt 00:00:30]} dxe4 {[%clk 00:08:45]} {[%emt 00:01:00]} 17. Nxe4 {[%clk
00:13:22]} {[%emt 00:00:36]} Qd4+ {[%clk 00:08:03]} {[%emt 00:00:52]} 18. Kh2
{[%clk 00:13:27]} {[%emt 00:00:05]} Rad8 {[%clk 00:07:14]} {[%emt 00:01:00]} 19.
Qd2 {[%clk 00:13:08]} {[%emt 00:00:29]} h6 {[%clk 00:03:59]} {[%emt 00:03:24]}
20. Qxa5 {[%clk 00:12:38]} {[%emt 00:00:40]} Bd5 {[%clk 00:02:55]} {[%emt
00:01:14]} 21. Qc3 {[%clk 00:11:39]} {[%emt 00:01:09]} Qxc3 {[%clk 00:02:44]}
{[%emt 00:00:21]} 22. Nxc3 {[%clk 00:11:48]} {[%emt 00:00:02]} Bxg2 {[%clk
00:02:00]} {[%emt 00:00:54]} 23. Kxg2 {[%clk 00:11:56]} {[%emt 00:00:01]} e6
{[%clk 00:01:52]} {[%emt 00:00:18]} 24. Kf3 {[%clk 00:11:49]} {[%emt 00:00:18]}
Rd7 {[%clk 00:01:41]} {[%emt 00:00:21]} 25. a5 {[%clk 00:11:15]} {[%emt
00:00:44]} Nd5 {[%clk 00:01:44]} {[%emt 00:00:06]} 26. Ne4 {[%clk 00:10:33]}
{[%emt 00:00:52]} Nb4 {[%clk 00:01:38]} {[%emt 00:00:17]} 27. Re2 {[%clk
00:10:37]} {[%emt 00:00:06]} Nd5 {[%clk 00:01:15]} {[%emt 00:00:33]} 28. Nc5
{[%clk 00:10:19]} {[%emt 00:00:28]} Rde7 {[%clk 00:01:05]} {[%emt 00:00:20]} 29.
c4 {[%clk 00:09:54]} {[%emt 00:00:35]} Nf6 {[%clk 00:00:32]} {[%emt 00:00:42]}
30. b4 {[%clk 00:09:30]} {[%emt 00:00:35]} Rc7 {[%clk 00:00:18]} {[%emt
00:00:23]} 31. g4 {[%clk 00:09:17]} {[%emt 00:00:23]} Nd7 {[%clk 00:00:25]}
{[%emt 00:00:03]} 32. Ne4 {[%clk 00:08:51]} {[%emt 00:00:36]} Nf6 {[%clk
00:00:22]} {[%emt 00:00:14]} 33. Nxf6 {[%clk 00:07:56]} {[%emt 00:01:05]} Kxf6
{[%clk 00:00:30]} {[%emt 00:00:03]} 34. d4 {[%clk 00:07:59]} {[%emt 00:00:06]}
Rd8 {[%clk 00:00:34]} {[%emt 00:00:06]} 35. Ke3 {[%clk 00:07:53]} {[%emt
00:00:16]} Rcd7 {[%clk 00:00:41]} {[%emt 00:00:03]} 36. Rd2 {[%clk 00:07:53]}
{[%emt 00:00:10]} Ke7 {[%clk 00:00:47]} {[%emt 00:00:04]} 37. h4 {[%clk
00:07:10]} {[%emt 00:00:53]} f6 {[%clk 00:00:35]} {[%emt 00:00:22]} 38. Rad1
{[%clk 00:06:21]} {[%emt 00:00:58]} Kf7 {[%clk 00:00:40]} {[%emt 00:00:05]} 39.
Rc1 {[%clk 00:04:55]} {[%emt 00:01:36]} Rc7 {[%clk 00:00:44]} {[%emt 00:00:07]}
40. Rcc2 {[%clk 00:03:48]} {[%emt 00:01:17]} Rcd7 {[%clk 00:00:49]} {[%emt
00:00:05]} 41. b5 {[%clk 00:03:41]} {[%emt 00:00:16]} Rc7 {[%clk 00:00:42]}
{[%emt 00:00:17]} 42. a6 {[%clk 00:02:53]} {[%emt 00:00:59]} cxb5 {[%clk
00:00:32]} {[%emt 00:00:19]} 43. cxb5 {[%clk 00:02:55]} {[%emt 00:00:08]} Rxc2
{[%clk 00:00:37]} {[%emt 00:00:05]} 44. Rxc2 {[%clk 00:03:03]} {[%emt
00:00:03]} bxa6 {[%clk 00:00:43]} {[%emt 00:00:04]} 45. bxa6 {[%clk 00:03:07]}
{[%emt 00:00:06]} Ra8 {[%clk 00:00:44]} {[%emt 00:00:08]} 46. Rc7+ {[%clk
00:03:10]} {[%emt 00:00:07]} Ke8 {[%clk 00:00:49]} {[%emt 00:00:05]} 47. a7
{[%clk 00:03:11]} {[%emt 00:00:10]} g5 {[%clk 00:00:32]} {[%emt 00:00:26]} 48.
fxg5 {[%clk 00:03:18]} {[%emt 00:00:04]} fxg5 {[%clk 00:00:38]} {[%emt
00:00:04]} 49. hxg5 {[%clk 00:03:19]} {[%emt 00:00:09]} hxg5 {[%clk 00:00:46]}
{[%emt 00:00:02]} 50. Rg7 {[%clk 00:03:13]} {[%emt 00:00:16]} Kf8 {[%clk
00:00:50]} {[%emt 00:00:05]} 51. Rb7 {[%clk 00:03:21]} {[%emt 00:00:03]} 1-0